<?xml version="1.0" encoding="UTF-8"?>
<record
    xmlns:xsi="http://www.w3.org/2001/XMLSchema-instance"
    xsi:schemaLocation="http://www.loc.gov/MARC21/slim http://www.loc.gov/standards/marcxml/schema/MARC21slim.xsd"
    xmlns="http://www.loc.gov/MARC21/slim">

  <leader>01812nam a2200265 a 4500</leader>
  <controlfield tag="001">BRCA_8746</controlfield>
  <controlfield tag="005">20190320210406.0</controlfield>
  <controlfield tag="008">030317s1724----sp-#######---#000-0#spa-#</controlfield>
  <datafield tag="041" ind1=" " ind2=" ">
    <subfield code="a">spa</subfield>
  </datafield>
  <datafield tag="044" ind1=" " ind2=" ">
    <subfield code="a">sp</subfield>
  </datafield>
  <datafield tag="084" ind1=" " ind2=" ">
    <subfield code="a">BE105</subfield>
    <subfield code="b">.S46 1724</subfield>
  </datafield>
  <datafield tag="100" ind1="1" ind2=" ">
    <subfield code="a">Se&#xF1;eri, Pablo</subfield>
    <subfield code="d">1624-1694</subfield>
    <subfield code="9">21265</subfield>
  </datafield>
  <datafield tag="245" ind1="1" ind2="0">
    <subfield code="a">Quaresma del padre Pablo Se&#xF1;eri</subfield>
    <subfield code="b">de la Compa&#xF1;&#xED;a de Jes&#xFA;s, predicador de N. santissimo Padre Inocencio XII y su theologo</subfield>
    <subfield code="c">traducida de la lengua toscana a la castellana por el Dotor Antonio de las Casas.</subfield>
  </datafield>
  <datafield tag="260" ind1=" " ind2=" ">
    <subfield code="a">Barcelona</subfield>
    <subfield code="b">En la Imprenta de Jvan Piferrer, &#xE0; la Plaza del Angel</subfield>
    <subfield code="c">1724</subfield>
  </datafield>
  <datafield tag="300" ind1=" " ind2=" ">
    <subfield code="a">[6], [30], 421 p. (t.2)</subfield>
    <subfield code="c">20.2 x 15 cm.</subfield>
  </datafield>
  <datafield tag="500" ind1=" " ind2=" ">
    <subfield code="a">Con licencia</subfield>
  </datafield>
  <datafield tag="500" ind1=" " ind2=" ">
    <subfield code="a">Con marca de fuego: &#x201C;Procedencia de la marca: Convento de San Francisco de Silao, Guanajuato(1). Instituci&#xF3;n: Provincia de San Pedro y San Pablo de Michoac&#xE1;n. Descripci&#xF3;n: Abreviatura de la palabra Conv[en]to seguido del monograma compuesto por las iniciales &#x201C;A&#x201D;, &#x201C;S&#x201D;, &#x201C;I&#x201D; y &#x201C;L&#x201D; que se desata como Silao. El todo inscrito en un rect&#xE1;ngulo. Observaciones: David Saavedra la adjudica al Convento Franciscano de Silao, Guanajuato. Con el testimonio de pertenencia ubicado en este ejemplar se corrobora la atribuci&#xF3;n realizada por David Saavedra. Ubicaci&#xF3;n de la marca en el libro: Canto superior, inferior y lateral&#x201D;</subfield>
  </datafield>
  <datafield tag="500" ind1=" " ind2=" ">
    <subfield code="a">Estado f&#xED;sico: presenta encuadernaci&#xF3;n en pergamino, con lomo semi desprendido</subfield>
  </datafield>
  <datafield tag="650" ind1="1" ind2="4">
    <subfield code="a">Sermones de cuaresma</subfield>
    <subfield code="y">Obras anteriores a 1800</subfield>
    <subfield code="9">21718</subfield>
  </datafield>
  <datafield tag="700" ind1="1" ind2=" ">
    <subfield code="a">Inocencio XII</subfield>
    <subfield code="e">Papa</subfield>
    <subfield code="9">21783</subfield>
  </datafield>
  <datafield tag="700" ind1="1" ind2=" ">
    <subfield code="a">Piferrer, Jvan</subfield>
    <subfield code="e">Impresor</subfield>
    <subfield code="9">21784</subfield>
  </datafield>
  <datafield tag="856" ind1=" " ind2=" ">
    <subfield code="a">http://www.marcasdefuego.buap.mx:8180/xmLibris/projects/firebrand/item.jsp?repository=marcas_de_fuego&amp;key=marcas_de_fuego_franciscanas_20150807140752_1047.xml&amp;num=130</subfield>
  </datafield>
  <datafield tag="902" ind1=" " ind2=" ">
    <subfield code="a">CFM</subfield>
  </datafield>
  <datafield tag="942" ind1=" " ind2=" ">
    <subfield code="2">lcc</subfield>
    <subfield code="c">B</subfield>
  </datafield>
  <datafield tag="999" ind1=" " ind2=" ">
    <subfield code="c">8398</subfield>
    <subfield code="d">8398</subfield>
  </datafield>
  <datafield tag="952" ind1=" " ind2=" ">
    <subfield code="0">0</subfield>
    <subfield code="1">0</subfield>
    <subfield code="4">0</subfield>
    <subfield code="7">0</subfield>
    <subfield code="a">BRCA</subfield>
    <subfield code="b">BRCA</subfield>
    <subfield code="d">2017-03-03</subfield>
    <subfield code="l">0</subfield>
    <subfield code="o">BE105 .S46 1724</subfield>
    <subfield code="p">CFM00081</subfield>
    <subfield code="r">2019-03-22 00:00:00</subfield>
    <subfield code="w">2019-03-22</subfield>
    <subfield code="y">B</subfield>
  </datafield>
</record>
